Balún - Canán

Պահպանված է:
Մատենագիտական մանրամասներ
Հիմնական հեղինակ: Castellanos, Rosario
Ձևաչափ: Գիրք
Լեզու:Undetermined
Հրապարակվել է: México, Distrito Federal Fondo de Cultura Económica 1992
Հրատարակություն:2
Խորագրեր:
Ցուցիչներ: Ավելացրեք ցուցիչ
Չկան պիտակներ, Եղեք առաջինը, ով նշում է այս գրառումը!

MARC

LEADER 00000nam a2200000Ia 4500
008 170316s9999 xx 000 0 und d
040 |a cru BVZT 
090 |a 860 C-25b 
100 |a Castellanos, Rosario 
245 |a Balún - Canán 
250 |a 2 
260 |a México, Distrito Federal 
260 |b Fondo de Cultura Económica 
260 |c 1992 
300 |a 291 páginas 
650 |a LITERATURA LATINOAMERICANA 
999 |c 8512  |d 8512 
942 |c 15 D  |h 860 C-25b  |2 z